Pepper the best dog / | പെപ്പര് ദ ബെസ്റ്റ് ഡോഗ് (Record no. 19511)
[ view plain ]
| 000 -LEADER | |
|---|---|
| fixed length control field | 00438nam a22001577a 4500 |
| 003 - CONTROL NUMBER IDENTIFIER | |
| control field | OSt |
| 008 - FIXED-LENGTH DATA ELEMENTS--GENERAL INFORMATION | |
| fixed length control field | 250903b |||||||| |||| 00| 0 eng d |
| 041 ## - LANGUAGE CODE | |
| Language code of text/sound track or separate title | mal |
| 082 ## - DEWEY DECIMAL CLASSIFICATION NUMBER | |
| Classification number | 894.8123 |
| Item number | AND/PE |
| 100 ## - MAIN ENTRY--AUTHOR NAME | |
| Personal name | Andrews, Annie |
| 245 ## - TITLE STATEMENT | |
| Title | Pepper the best dog / |
| Remainder of title | പെപ്പര് ദ ബെസ്റ്റ് ഡോഗ് |
| 260 ## - PUBLICATION, DISTRIBUTION, ETC. (IMPRINT) | |
| Place of publication | Kannur : |
| Name of publisher | Kairali Books, |
| Year of publication | 2019. |
| 300 ## - PHYSICAL DESCRIPTION | |
| Number of Pages | 80 p. |
| 650 ## - SUBJECT ADDED ENTRY--TOPICAL TERM | |
| Topical Term | Novel |
| 942 ## - ADDED ENTRY ELEMENTS (KOHA) | |
| Koha item type | Books |
| Withdrawn status | Lost status | Damaged status | Home library | Current library | Date acquired | Source of acquisition | Cost, normal purchase price | Full call number | Accession Number | Koha item type |
|---|---|---|---|---|---|---|---|---|---|---|
| KAUAET | KAUAET | 03/09/2025 | Donated by KT Jaleel MLA | 90.00 | 894.8123 AND/PE | 26326 | Books |
